| 000 | 00497cam a2200205ua 4500 | ||
|---|---|---|---|
| 020 | _c260.00 | ||
| 041 |
_aeng _h |
||
| 082 |
_a637 _bTUF/DA |
||
| 100 | _aTufail, Ahmad . | ||
| 245 |
_aDairy plant engineering and management / _cTufail Ahmad. _hTextual Documents |
||
| 250 |
_a4 / _b. |
||
| 260 |
_aAllahabad : _bKitab Mahal , _c1997. |
||
| 300 | _a816 ; . | ||
| 365 | _a260.00 | ||
| 504 | _a | ||
| 942 | _cBK | ||
| 999 |
_c115 _d115 |
||